000 00319nam a2200109Ia 4500
008 171211s9999 xx 000 0 und d
245 _aMicroarray Data Analysis: Methods and Applications
245 _cMichael J. Korenberg
260 _c2007
650 _xBiology
856 _uhttp://down.ebook777.com/061/1627039090.pdf
999 _c350419
_d350419